Statistiques concernant Les 10 meilleurs lycée de France

Cliquez ici pour prendre le quiz!

Statistiques générales

  • Ce quiz a été pris 26 fois
  • Le résultat moyen est 3 sur 20

Statistiques - réponses

RangLieuLycée publics / Privés% Correct
2èmeParis 5eLycée Henri IV
88%
1erParis 5eLycée Louis Le Grand
79%
1erParis 6eLycée Stanislas
50%
4èmeParis 9eLycée Condorcet
29%
6èmeParis 4eLycée Charlemagne
13%
10èmeParis 6eLycée Fénelon
13%
3èmeParis 16eLycée Saint-Jean de Passy
13%
7èmeParis 3eLycée Victor Hugo
13%
9èmeVersaillesLycée Hoche
8%
8èmeParis 5eLycée Lavoisier
8%
6èmeParis 13eLycée Notre-Dame de France
8%
2èmeParis 10eLycée Bossuet Notre-Dame
4%
7èmeParis7eLycée de l’Alma
4%
10èmeCourbevoieLycée Montalembert
4%
9èmeNeuilly-sur-SeineLycée Saint-Dominique
4%
4èmeParis 15eÉcole active bilingue Jeannine Manuel
0%
3èmeRoubaixÉcole supérieure des Arts appliqués et du Textile
0%
8èmeParis 8eLycée Fénelon Sainte-Marie La Plaine Monceau
0%
5èmeMontreuilLycée Henri Matisse
0%
5èmeSaint-Germain-en-LayeLycée international
0%

Distribution des résultats

Percentile par nombre de réponses

% des personnes avec chaque résultat

Votre développement - résultats

Vous n’avez pas pris ce quiz